000 00571nam a22001697a 4500
008 130821s1926 fr gr fre
040 _aCo-BoUCM
_bspa
041 0 0 _afre
100 _aRilke, Rainer Maria
_D1875-1926
_92721
245 0 4 _aLescahiers de Malte Laurids Brigge
_cRainer Maria Rilke
260 _aParís (Francia)
_bEditions Emile-Paul Fréres
_c1926
300 _a377páginas
650 0 4 _aLiteratura austriaca
_918609
650 0 4 _aNovela austriaca
_920469
942 _cLIBRO
_a18
_e1
_mR45
_n0
_2DEWEY
_h833.8
999 _c87003
_d87003